[Event "Gibraltar Masters"]
[Site "Gibraltar"]
[Date "2006.01.31"]
[Round "8"]
[White "Aithmidou, Mohamed Mehdi"]
[Black "Sisask, Jesper"]
[Result "0-1"]
[WhiteElo "2107"]
[BlackElo "2196"]
[PlyCount "60"]
[EventDate "2006.01.24"]
[EventType "swiss"]
[EventRounds "10"]
[EventCountry "ENG"]
[SourceTitle "CBM 110 Extra"]
[Source "ChessBase"]
[SourceDate "2006.03.10"]
[SourceVersion "2"]
[SourceVersionDate "2006.03.10"]
[SourceQuality "1"]

1. e4 c5 2. Nf3 d6 3. d4 cxd4 4. Nxd4 Nf6 5. Nc3 Nc6 6. Be2 e5 7. Nb3 Be7 8. 0-0 0-0 9. f4 exf4 10. Bxf4 a6 11. a4 Be6 12. Kh1 Ne5 13. Nd4 Rc8 14. Nxe6 fxe6 15. Bxe5 dxe5 16. Bd3 Bc5 17. Qe2 h5 18. Bc4 Qe7 19. h3 h4 20. Rf3 g6 21. g4 Nh7 22. Rxf8+ Rxf8 23. Rf1 Ng5 24. Kg2 Rf4 25. Bd3 Bd4 26. Qe1 Qf6 27. Rxf4 Qxf4 28. Qxh4 Qf3+ 29. Kh2 Bf2 30. Be2 Qf4+ 0-1

[Event "Gibraltar Masters"]
[Site "Gibraltar"]
[Date "2006.01.28"]
[Round "5"]
[White "Al Sayed, Mohammed"]
[Black "Sisask, Jesper"]
[Result "1-0"]
[WhiteElo "2470"]
[BlackElo "2196"]
[PlyCount "55"]
[EventDate "2006.01.24"]
[EventType "swiss"]
[EventRounds "10"]
[EventCountry "ENG"]
[SourceTitle "CBM 110 Extra"]
[Source "ChessBase"]
[SourceDate "2006.03.10"]
[SourceVersion "2"]
[SourceVersionDate "2006.03.10"]
[SourceQuality "1"]

1. d4 d5 2. c4 dxc4 3. e3 Nf6 4. Bxc4 e6 5. Nf3 c5 6. 0-0 a6 7. Qe2 b5 8. Bd3 cxd4 9. exd4 Bb7 10. a4 bxa4 11. Bg5 Be7 12. Nc3 0-0 13. Rxa4 Nc6 14. Rd1 a5 15. d5 exd5 16. Bxf6 Bxf6 17. Nxd5 g6 18. Bb5 Kh8 19. Re4 Bg7 20. h4 h6 21. b3 Re8 22. Nf6 Bxf6 23. Rxd8 Rexd8 24. Qc4 Na7 25. Qxf7 Bxe4 26. Qxf6+ Kh7 27. Qe7+ Kh8 28. Qxe4 1-0

[Event "BCF-chT 0405 (4NCL)"]
[Site "West Bromwich"]
[Date "2005.04.10"]
[Round "8.6"]
[White "Eames, Robert"]
[Black "Sisask, Jesper"]
[Result "1-0"]
[WhiteElo "2321"]
[BlackElo "2166"]
[PlyCount "123"]
[EventDate "2004.09.18"]
[EventType "team"]
[EventRounds "11"]
[EventCountry "ENG"]
[SourceTitle "EXT 2006"]
[Source "ChessBase"]
[SourceDate "2005.11.24"]
[SourceVersion "1"]
[SourceVersionDate "2005.11.24"]
[SourceQuality "1"]
[WhiteTeam "BET"]
[BlackTeam "Bristol"]
[WhiteTeamCountry "ENG"]
[BlackTeamCountry "ENG"]

1. e4 e5 2. Nf3 Nf6 3. Nxe5 d6 4. Nf3 Nxe4 5. d4 d5 6. Bd3 Nc6 7. 0-0 Bg4 8. c4 Nf6 9. Nc3 Bxf3 10. Qxf3 Nxd4 11. Qe3+ Ne6 12. cxd5 Nxd5 13. Nxd5 Qxd5 14. Be4 Qb5 15. a4 Qa6 16. Rd1 Bc5 17. Qf3 Rb8 18. Bd2 0-0 19. Bc3 Be7 20. Qg4 Rfd8 21. Bd5 Bf8 22. h4 c5 23. Be5 Rbc8 24. h5 Nd4 25. Qe4 Rd7 26. Bxd4 cxd4 27. Rxd4 Qf6 28. Rad1 Rcd8 29. R4d3 Re7 30. Qc4 Kh8 31. b3 Rde8 32. g3 Qf5 33. g4 Re1+ 34. Rxe1 Rxe1+ 35. Kg2 Qg5 36. Bxf7 Qh4 37. Rh3 Qe7 38. Bd5 Qe5 39. Rf3 Qe8 40. Bxb7 h6 41. Bd5 a5 42. Qf4 Bb4 43. Qf7 Qd8 44. Qf5 Qe8 45. Bf7 Qc6 46. Qd5 Qxd5 47. Bxd5 Re8 48. Rf7 Rb8 49. f4 Rf8 50. Kf3 Rxf7 51. Bxf7 Bd2 52. Ke4 Kh7 53. Kf5 Bb4 54. Bg6+ Kg8 55. Ke6 Bd2 56. Ke7 Bb4+ 57. Ke8 Bd2 58. Bf7+ Kh7 59. Bc4 Kh8 60. Kf7 Bb4 61. g5 hxg5 62. fxg5 1-0

[Event "GBR-ch"]
[Site "Scarborough"]
[Date "2004.08.07"]
[Round "6"]
[White "Sisask, Jesper"]
[Black "Spence, David"]
[Result "1-0"]
[WhiteElo "2057"]
[BlackElo "2236"]
[PlyCount "119"]
[EventDate "2004.08.02"]
[EventType "swiss"]
[EventRounds "11"]
[EventCountry "ENG"]
[SourceTitle "CBM 101 Extra"]
[Source "ChessBase"]
[SourceDate "2004.09.01"]
[SourceVersion "2"]
[SourceVersionDate "2004.09.01"]
[SourceQuality "1"]

1. d4 e6 2. c4 Nf6 3. Nc3 Bb4 4. Qc2 0-0 5. a3 Bxc3+ 6. Qxc3 b6 7. Bg5 Bb7 8. e3 h6 9. Bh4 d6 10. Ne2 Nbd7 11. Qd3 c5 12. Nc3 a6 13. f3 d5 14. cxd5 exd5 15. Be2 Re8 16. 0-0 Qe7 17. Bf2 Rac8 18. Bd1 Red8 19. Bc2 Nf8 20. Rae1 Ng6 21. Bb1 Qd7 22. Qd1 Nf8 23. Na4 Qc6 24. Bh4 Ng6 25. Bg3 c4 26. e4 a5 27. e5 Nh5 28. f4 Nxg3 29. hxg3 Nf8 30. f5 Ba6 31. Rf4 Bb5 32. Nc3 Ba6 33. f6 Ne6 34. Qc2 g6 35. Rh4 Kf8 36. Rxh6 Ke8 37. Qd2 Rc7 38. Rh7 Nf8 39. Rh8 Kd7 40. Qh6 Rcc8 41. Bc2 Kc7 42. Bd1 Ne6 43. Rxd8 Rxd8 44. Qd2 b5 45. Bf3 b4 46. axb4 axb4 47. Na2 b3 48. Nc3 Bb7 49. Ra1 Qb6 50. Ne2 Ra8 51. Rxa8 Bxa8 52. Bg4 Nd8 53. Kf2 Nc6 54. e6 fxe6 55. f7 Qb8 56. Qh6 c3 57. f8Q Qb5 58. Qhg7+ Kb6 59. Nxc3 Qd3 60. Qc5+ 1-0

[Event "GBR-ch"]
[Site "Scarborough"]
[Date "2004.08.06"]
[Round "5"]
[White "Muir, Andrew Joseph"]
[Black "Sisask, Jesper"]
[Result "1-0"]
[WhiteElo "2328"]
[BlackElo "2057"]
[PlyCount "87"]
[EventDate "2004.08.02"]
[EventType "swiss"]
[EventRounds "11"]
[EventCountry "ENG"]
[SourceTitle "CBM 101 Extra"]
[Source "ChessBase"]
[SourceDate "2004.09.01"]
[SourceVersion "2"]
[SourceVersionDate "2004.09.01"]
[SourceQuality "1"]

1. c4 e5 2. Nc3 Nf6 3. g3 d5 4. cxd5 Nxd5 5. Bg2 Nb6 6. Nf3 Nc6 7. a3 Be7 8. b4 Be6 9. d3 0-0 10. 0-0 f6 11. Bb2 Qd7 12. Ne4 Rfd8 13. Nc5 Bxc5 14. bxc5 Nd5 15. Qc2 Bh3 16. Bxh3 Qxh3 17. Qb3 Qe6 18. Qa2 Kf7 19. Rfd1 a5 20. e4 Nde7 21. Qxe6+ Kxe6 22. d4 exd4 23. Nxd4+ Nxd4 24. Bxd4 a4 25. Bc3 Nc6 26. Kf1 Rd7 27. Rxd7 Kxd7 28. Rb1 Nd8 29. f4 Kc6 30. f5 Kxc5 31. e5 Kc4 32. exf6 Kxc3 33. fxg7 Nf7 34. Rxb7 Rc8 35. Rxc7+ Rxc7 36. g8Q h5 37. Qe8 Kd3 38. Qxa4 Rc1+ 39. Kg2 Ng5 40. Qb3+ Rc3 41. Qd5+ Ke3 42. Qe5+ Kd3 43. Qd6+ Kc4 44. Qf4+ 1-0

[Event "Internet Section 11A g/8'+2\""]
[Site "Dos Hermanas"]
[Date "2004.03.10"]
[Round "3"]
[White "Hausrath, Daniel"]
[Black "Sisask, Jesper"]
[Result "1-0"]
[WhiteElo "2452"]
[BlackElo "2038"]
[PlyCount "113"]
[EventDate "2004.03.11"]
[EventType "swiss (blitz)"]
[EventRounds "9"]
[EventCountry "ESP"]
[SourceTitle "EXT 2005"]
[Source "ChessBase"]
[SourceDate "2004.11.15"]
[SourceVersion "1"]
[SourceVersionDate "2004.11.15"]
[SourceQuality "1"]

1. Nf3 d5 2. g3 c6 3. Bg2 Nf6 4. c4 Bf5 5. 0-0 e6 6. d3 dxc4 7. dxc4 Qxd1 8. Rxd1 Nbd7 9. Nd4 Be4 10. Nc3 Bxg2 11. Kxg2 Bb4 12. Na4 Nb6 13. Nxb6 axb6 14. a3 0-0 15. Be3 Be7 16. Nf3 Bc5 17. Bf4 Rfd8 18. b4 Be7 19. Rdc1 Bd6 20. Be3 c5 21. b5 Ra4 22. Ra2 Kf8 23. h3 Rda8 24. Rd2 Ne4 25. Rdd1 Ke7 26. Nd2 Nxd2 27. Rxd2 Bc7 28. Rcd1 Rd8 29. Rxd8 Bxd8 30. Rc1 Rxa3 31. Rc2 Bc7 32. g4 Be5 33. Bd2 f5 34. e3 g6 35. f4 Bg7 36. Kf3 e5 37. fxe5 Bxe5 38. gxf5 gxf5 39. Be1 f4 40. Re2 Rxe3+ 41. Rxe3 fxe3 42. Kxe3 Ke6 43. Ke4 Bc7 44. Bh4 h6 45. Bf2 h5 46. Bh4 Be5 47. Bd8 Bd4 48. Bxb6 Bg1 49. Kf4 Bf2 50. Bd8 Be1 51. Ke4 Bf2 52. Bg5 h4 53. Kf3 Be1 54. Be3 b6 55. Ke4 Bg3 56. Bg5 Bc7 57. Bxh4 1-0

[Event "Internet Section 07B g/8'+2\""]
[Site "Dos Hermanas"]
[Date "2004.03.07"]
[Round "4"]
[White "Sisask, Jesper"]
[Black "Drake, Jason"]
[Result "0-1"]
[WhiteElo "2038"]
[BlackElo "2158"]
[PlyCount "64"]
[EventDate "2004.03.07"]
[EventType "swiss (blitz)"]
[EventRounds "9"]
[EventCountry "ESP"]
[SourceTitle "CBM 099 Extra"]
[Source "ChessBase"]
[SourceDate "2004.05.04"]
[SourceVersion "1"]
[SourceVersionDate "2004.05.04"]
[SourceQuality "1"]

1. d4 d5 2. c4 c6 3. Nf3 Nf6 4. e3 Bf5 5. cxd5 cxd5 6. Nc3 e6 7. Qb3 b6 8. Bb5+ Nbd7 9. Ne5 Bd6 10. g4 Bxe5 11. gxf5 Bd6 12. Rg1 0-0 13. fxe6 fxe6 14. e4 Qe7 15. e5 Bxe5 16. dxe5 Nxe5 17. Be2 d4 18. Nb5 d3 19. Bf4 Nfd7 20. Bxe5 Nxe5 21. Bh5 d2+ 22. Kxd2 Rxf2+ 23. Ke1 Rxb2 24. Qc3 Rxb5 25. Be2 Qh4+ 26. Rg3 Rc5 27. Qe3 Rd8 28. Kf1 Qxh2 29. Rh3 Rf8+ 30. Ke1 Qf4 31. Qg1 Qb4+ 32. Kd1 Qb2 0-1

[Event "Internet Section 06A g/8'+2\""]
[Site "Dos Hermanas"]
[Date "2004.03.06"]
[Round "2"]
[White "Arroyo Torres, Roberto Carlos"]
[Black "Sisask, Jesper"]
[Result "0-1"]
[WhiteElo "1790"]
[BlackElo "2038"]
[PlyCount "82"]
[EventDate "2004.03.06"]
[EventType "swiss (blitz)"]
[EventRounds "9"]
[EventCountry "ESP"]
[SourceTitle "CBM 099 Extra"]
[Source "ChessBase"]
[SourceDate "2004.05.04"]
[SourceVersion "1"]
[SourceVersionDate "2004.05.04"]
[SourceQuality "1"]

1. e4 c5 2. Nf3 d6 3. c3 Nf6 4. Be2 Nc6 5. d3 g6 6. 0-0 Bg7 7. Re1 0-0 8. Bf1 a6 9. h3 b5 10. d4 cxd4 11. cxd4 e5 12. dxe5 dxe5 13. Bg5 Be6 14. Bxf6 Bxf6 15. Nc3 Nd4 16. Nxd4 exd4 17. Ne2 Qb6 18. Ng3 Be5 19. Qf3 Rac8 20. Rac1 Bxa2 21. h4 a5 22. h5 a4 23. Qg4 Be6 24. Qg5 Qd6 25. Bxb5 Bf4 26. Qf6 Rxc1 27. Rxc1 Bxc1 28. e5 Qd8 29. Qf3 Qa5 30. Bd3 Qe1+ 31. Kh2 Qxe5 32. Qd1 Bf4 33. Qf3 Qxh5+ 34. Qxh5 gxh5 35. Kg1 Bc1 36. Nxh5 Bxb2 37. Nf6+ Kh8 38. Nxh7 Rc8 39. Nf6 a3 40. Bb1 Rc1+ 41. Kh2 Rxb1 0-1

[Event "Internet Section 06A g/8'+2\""]
[Site "Dos Hermanas"]
[Date "2004.03.06"]
[Round "6"]
[White "Li, Shilong"]
[Black "Sisask, Jesper"]
[Result "0-1"]
[WhiteElo "2522"]
[BlackElo "2038"]
[PlyCount "88"]
[EventDate "2004.03.06"]
[EventType "swiss (blitz)"]
[EventRounds "9"]
[EventCountry "ESP"]
[SourceTitle "CBM 099 Extra"]
[Source "ChessBase"]
[SourceDate "2004.05.04"]
[SourceVersion "1"]
[SourceVersionDate "2004.05.04"]
[SourceQuality "1"]

1. e4 c5 2. Nc3 Nc6 3. g3 e6 4. Bg2 Nf6 5. f4 d5 6. e5 Nd7 7. Nf3 Be7 8. 0-0 0-0 9. d3 Rb8 10. Ne2 b5 11. d4 b4 12. Be3 a5 13. Re1 Ba6 14. Kh1 Qb6 15. Qd2 Rfc8 16. f5 Bxe2 17. Rxe2 cxd4 18. Nxd4 Nxd4 19. Bxd4 Bc5 20. Bxc5 Qxc5 21. f6 g6 22. Rf1 Qf8 23. Rf4 h6 24. Rh4 Kh7 25. g4 Rc4 26. b3 Rc3 27. Re3 Rbc8 28. Rxc3 Rxc3 29. g5 h5 30. Qe2 Qc5 31. Rxh5+ gxh5 32. Qxh5+ Kg8 33. g6 fxg6 34. Qxg6+ Kf8 35. h4 Rxc2 36. Kh2 Rc1 37. Qg7+ Ke8 38. Qg8+ Nf8 39. h5 Qg1+ 40. Kh3 Rc3+ 41. Kh4 Qh2+ 42. Bh3 Qxh3+ 43. Kg5 Rg3+ 44. Kh6 Rxg8 0-1

[Event "Internet Section 06A g/8'+2\""]
[Site "Dos Hermanas"]
[Date "2004.03.06"]
[Round "3"]
[White "Sisask, Jesper"]
[Black "Fernandez, Daniel"]
[Result "1-0"]
[WhiteElo "2038"]
[BlackElo "2308"]
[PlyCount "91"]
[EventDate "2004.03.06"]
[EventType "swiss (blitz)"]
[EventRounds "9"]
[EventCountry "ESP"]
[SourceTitle "CBM 099 Extra"]
[Source "ChessBase"]
[SourceDate "2004.05.04"]
[SourceVersion "1"]
[SourceVersionDate "2004.05.04"]
[SourceQuality "1"]

1. d4 d5 2. c4 c6 3. Nf3 Nf6 4. e3 a6 5. Bd3 Bg4 6. Nbd2 e6 7. 0-0 Nbd7 8. b3 Bd6 9. Bb2 0-0 10. Qc2 Qc7 11. h3 Bh5 12. Rfe1 Bg6 13. Bxg6 hxg6 14. e4 Nxe4 15. Nxe4 dxe4 16. Qxe4 Qa5 17. Re2 Qf5 18. Qxf5 gxf5 19. Ne5 Nxe5 20. dxe5 Bc5 21. Rd1 Rfd8 22. Red2 Bb6 23. Kf1 Kf8 24. Ba3+ Ke8 25. Ke2 Rxd2+ 26. Rxd2 Rd8 27. Bd6 g6 28. g4 Rd7 29. Kf3 Kd8 30. Bb4 Rxd2 31. Bxd2 Bd4 32. Bg5+ Kd7 33. Bf6 b5 34. Ke2 Kc7 35. f3 Kb6 36. Kd3 Bf2 37. Bd8+ Kb7 38. h4 Bg3 39. Bf6 Bf4 40. h5 gxh5 41. gxh5 Bh6 42. f4 Kc7 43. Bg5 Bf8 44. h6 Kd7 45. h7 Bg7 46. Bf6 1-0

[Event "Internet Section 06A g/8'+2\""]
[Site "Dos Hermanas"]
[Date "2004.03.06"]
[Round "7"]
[White "Sisask, Jesper"]
[Black "Stark, Lars"]
[Result "0-1"]
[WhiteElo "2038"]
[BlackElo "2229"]
[PlyCount "52"]
[EventDate "2004.03.06"]
[EventType "swiss (blitz)"]
[EventRounds "9"]
[EventCountry "ESP"]
[SourceTitle "CBM 099 Extra"]
[Source "ChessBase"]
[SourceDate "2004.05.04"]
[SourceVersion "1"]
[SourceVersionDate "2004.05.04"]
[SourceQuality "1"]

1. d4 Nf6 2. Bg5 e6 3. e4 c5 4. d5 d6 5. Nc3 Be7 6. Bb5+ Bd7 7. dxe6 fxe6 8. Bc4 Nc6 9. Nf3 a6 10. a4 0-0 11. 0-0 Ng4 12. Bxe7 Qxe7 13. Qe2 Rxf3 14. gxf3 Nge5 15. Rfd1 Nd4 16. Rxd4 cxd4 17. Na2 Rf8 18. Kh1 Nxf3 19. Qf1 Nd2 20. Qe2 Nxc4 21. Qxc4 Rxf2 22. Rf1 Rxf1+ 23. Qxf1 Bc6 24. Qd3 Qh4 25. Qxd4 Bxe4+ 26. Kg1 Qe1# 0-1

[Event "Bristol League op"]
[Site "Bristol"]
[Date "2004.02.01"]
[Round "4"]
[White "Sisask, Jesper"]
[Black "Chaplin, Peter Edward"]
[Result "1-0"]
[WhiteElo "2038"]
[BlackElo "2072"]
[PlyCount "59"]
[EventDate "2004.01.30"]
[EventType "swiss"]
[EventRounds "5"]
[EventCountry "ENG"]
[SourceTitle "EXT 2007"]
[Source "ChessBase"]
[SourceDate "2006.11.23"]
[SourceVersion "1"]
[SourceVersionDate "2006.11.23"]
[SourceQuality "1"]

1. d4 Nf6 2. Bg5 Ne4 3. Bf4 c5 4. f3 Nf6 5. dxc5 Qa5+ 6. Qd2 Qxc5 7. Nc3 d6 8. e4 a6 9. 0-0-0 e5 10. Be3 Qc7 11. g4 h6 12. h4 Be6 13. Bh3 Nc6 14. g5 hxg5 15. hxg5 Nh5 16. g6 Nf6 17. gxf7+ Bxf7 18. Bd7+ Kxd7 19. Rxh8 Qa5 20. Rxf8 Rxf8 21. Qxd6+ Ke8 22. Bc5 Rh8 23. Nd5 Bxd5 24. exd5 Kf7 25. dxc6 Qxa2 26. cxb7 Rh2 27. Bf2 Rxf2 28. Qa3 Qc4 29. Qb3 Qxb3 30. cxb3 1-0